01187nab a22002177a 4500003000400000005001700004008004100021040000700062100003000069245024900099260007300348300001300421500004400434505012900478505008900607650003900696650001900735650003700754700003900791773013900830OSt20251020130912.0190604e xxu||||| |||| 00| 0 spa d cPJ aAlvarez, Rocío Belén 10aAnálisis jurídico y constitucional del decreto 62/2025. Inconstitucionalidad, regresividad, falacias y vulneración de derechos en la modificación de la Ley de Identidad de Género /cRocío Belén Álvarez, Estela Luján Núñez. aCiudad Autónoma de Buenos Aires :bThomson Reuters La Ley, c2025. ap. 44-50 aCita Online: TR LALEY AR/DOC/776/2025.  tSumario: I. Resumen del DNU 62/2025.— II. Análisis jurídico y constitucional del dec. 62/2025.— III. Conclusión.  t¿Te interesa el texto completo? Solicitalo al correo: koha@justierradelfuego.gov.ar 0aDERECHO A LA IDENTIDAD DE GÉNERO 0aDISCRIMINACION 0aDECRETOS DE NECESIDAD Y URGENCIA aNuñez, Estela Luján ecoautora0 02714dCiudad Autónoma de Buenos Aires : Thomson Reuters La Ley, 2014-tRevista anales de legislación argentina. Nº 4 - Mayo 2025.